People and state in socialist Cuba : ideas and practices of revolution /

Bibliographic Details
Main Author: Gold, Marina (Author)
Format: Book
Language:English
Published: New York, NY : Palgrave Macmillan, 2015.
Edition:First edition.
Subjects:

MARC

Tag First Indicator Second Indicator Subfields
LEADER 00000cam a2200000 i 4500
001 in00003607052
005 20170928110451.0
008 150414t20152015nyu b 001 0 eng
010 |a  2015003658 
019 |a 903634058 
020 |a 9781137539816  |q hardcover 
020 |a 113753981X  |q hardcover 
020 |z 113753981X 
024 8 |a 99965006362 
029 1 |a AU@  |b 000054708560 
029 1 |a CHVBK  |b 33843710X 
029 1 |a CHBIS  |b 010439728 
035 |a (OCoLC)ocn907127270 
035 |a (OCoLC)907127270 
040 |a DLC  |b eng  |e rda  |c DLC  |d YDX  |d BTCTA  |d YDXCP  |d BDX  |d OCLCF  |d CDX  |d NYP  |d ZCU  |d UtOrBLW 
042 |a pcc 
043 |a nwcu--- 
049 |a TXAM 
050 0 0 |a HN203.5  |b .G65 2015 
082 0 0 |a 306.097291  |2 23 
100 1 |a Gold, Marina,  |e author.  |0 http://id.loc.gov/authorities/names/n2015023220 
245 1 0 |a People and state in socialist Cuba :  |b ideas and practices of revolution /  |c Marina Gold. 
250 |a First edition. 
264 1 |a New York, NY :  |b Palgrave Macmillan,  |c 2015. 
264 4 |c ©2015 
300 |a xii, 236 pages ;  |c 23 cm 
336 |a text  |b txt  |2 rdacontent 
337 |a unmediated  |b n  |2 rdamedia 
338 |a volume  |b nc  |2 rdacarrier 
504 |a Includes bibliographical references and index. 
651 0 |a Cuba  |x Social conditions  |y 1990-  |0 http://id.loc.gov/authorities/subjects/sh2012004631 
650 0 |a Social change  |z Cuba. 
650 0 |a Socialism  |z Cuba. 
651 0 |a Cuba  |x History  |y Revolution, 1959  |x Influence. 
611 2 7 |a Revolution (Cuba : 1959)  |2 fast  |0 (OCoLC)fst01354503 
650 7 |a Influence (Literary, artistic, etc.)  |2 fast  |0 (OCoLC)fst00972484 
650 7 |a Social change.  |2 fast  |0 (OCoLC)fst01122310 
650 7 |a Social conditions.  |2 fast  |0 (OCoLC)fst01919811 
650 7 |a Socialism.  |2 fast  |0 (OCoLC)fst01123637 
651 7 |a Cuba.  |2 fast  |0 (OCoLC)fst01205805 
648 7 |a Since 1959  |2 fast 
655 7 |a History.  |2 fast  |0 (OCoLC)fst01411628 
938 |a Baker and Taylor  |b BTCP  |n BK0016554765 
938 |a Brodart  |b BROD  |n 112151973 
938 |a YBP Library Services  |b YANK  |n 12286752 
938 |a Coutts Information Services  |b COUT  |n 30589309 
947 |a A14843350035 
945 |a PromptCat  |b 444573 
946 |a stk 
994 |a 92  |b TXA 
948 |a Cataloged  |b h  |c 2016/1/7  |d c  |e AReeder 
999 f f |s 6ef803b6-bb3a-3d07-b377-b5b54e18075a  |i 6bd6e579-9bf8-3331-995c-b2805f37b7d1  |t 0 
952 f f |p normal  |a Texas A&M University  |b College Station  |c Sterling C. Evans Library  |d Evans: Library Stacks  |t 0  |e HN203.5 .G65 2015  |h Library of Congress classification  |i unmediated -- volume  |m A14843350035 
998 f f |a HN203.5 .G65 2015  |t 0  |l Evans: Library Stacks